[Event "Dueville op-B 1st"]
[Site "Dueville"]
[Date "2023.06.04"]
[Round "5"]
[White "Morganti, Lionello"]
[Black "Marongiu, Achille"]
[Result "0-1"]
[WhiteElo "1539"]
[BlackElo "1616"]
[PlyCount "50"]
[EventDate "2023.06.01"]
[EventType "swiss"]
[EventRounds "5"]
[EventCountry "ITA"]
[SourceTitle "EXT 2024"]
[Source "ChessBase"]
[SourceDate "2023.10.10"]
[SourceVersion "1"]
[SourceVersionDate "2023.10.10"]
[SourceQuality "1"]

1. e4 c5 2. Nf3 d6 3. Bb5+ Nc6 4. 0-0 g6 5. Re1 Bg7 6. c3 Nf6 7. d4 cxd4 8. Nxd4 Bd7 9. Nxc6 bxc6 10. Bc4 0-0 11. e5 dxe5 12. Rxe5 Ng4 13. Re1 Qc7 14. g3 Ne5 15. Bf4 Rad8 16. Qe2 Qb6 17. Bxe5 Bxe5 18. Qxe5 Qxb2 19. Qe2 Qxa1 20. Bd3 Be6 21. Bc4 Bxc4 22. Qxc4 Rd6 23. Qb3 Rd2 24. Kf1 Rb2 25. Nd2 Qxa2 0-1

[Event "Dueville op-B 1st"]
[Site "Dueville"]
[Date "2023.06.02"]
[Round "1"]
[White "Biserni, Federica"]
[Black "Marongiu, Achille"]
[Result "0-1"]
[WhiteElo "1462"]
[BlackElo "1616"]
[PlyCount "102"]
[EventDate "2023.06.01"]
[EventType "swiss"]
[EventRounds "5"]
[EventCountry "ITA"]
[SourceTitle "EXT 2024"]
[Source "ChessBase"]
[SourceDate "2023.10.10"]
[SourceVersion "1"]
[SourceVersionDate "2023.10.10"]
[SourceQuality "1"]

1. e4 c5 2. Nf3 d6 3. d4 cxd4 4. Nxd4 Nf6 5. Nc3 a6 6. a4 g6 7. f3 Bg7 8. Be3 Nc6 9. Bc4 0-0 10. 0-0 Bd7 11. Qd2 Rc8 12. Bb3 Na5 13. Nd5 Nxb3 14. Nxf6+ Bxf6 15. cxb3 e5 16. Ne2 Be6 17. Qb4 Qd7 18. Nc3 Rc6 19. Rfd1 Rfc8 20. Rd3 Be7 21. Nd5 Bxd5 22. Rxd5 Rc2 23. Rd2 d5 24. Qa5 Rxd2 25. Qxd2 d4 26. Rd1 Qc6 27. Bh6 Qc2 28. Qxc2 Rxc2 29. Rd2 Rc1+ 30. Kf2 Bb4 31. Re2 Rc6 32. Kf1 d3 33. Rf2 f6 34. Bd2 Bc5 35. Bc3 Bxf2 36. Kxf2 Kf7 37. Ke3 Rd6 38. b4 Ke6 39. b3 f5 40. g3 f4+ 41. gxf4 exf4+ 42. Kd2 g5 43. Bg7 h5 44. h3 Rd7 45. Bh6 g4 46. hxg4 hxg4 47. fxg4 Ke5 48. Bg5 Kxe4 49. Bh4 Rh7 50. Be1 Rh2+ 51. Kd1 Ke3 0-1